000 00535nam a2200169Ia 4500
008 090201s9999 xx 000 0 und d
010 _aKPL-13798
040 _bमराठी
041 _aमराठी
082 _a5644
_b13798
100 _aगोविंद मुसळे
245 _aअंधारलाटा
_cगोविंद मुसळे
260 _c1973
_bश्रीविशाखा प्रकाशन
300 _a160
_bमोठा
600 _aअंधारलाटा
942 _cBOOK
999 _c206521
_d206521